[Event "Hessen-ch Seniors op 07th"]
[Site "Bad Sooden-Allendorf"]
[Date "2011.05.08"]
[Round "9"]
[White "Petzold, Hans"]
[Black "Schlachetka, Werner"]
[Result "1/2-1/2"]
[WhiteElo "1991"]
[BlackElo "1901"]
[PlyCount "90"]
[EventDate "2011.04.30"]
[EventType "swiss"]
[EventRounds "9"]
[EventCountry "GER"]
[SourceTitle "EXT 2012"]
[Source "ChessBase"]
[SourceDate "2011.11.24"]
[SourceVersion "1"]
[SourceVersionDate "2011.11.24"]
[SourceQuality "1"]

1. e4 c5 2. Nc3 Nc6 3. f4 d6 4. Bb5 Bd7 5. Nf3 g6 6. 0-0 Bg7 7. Bxc6 Bxc6 8. d3 e6 9. Qe1 Nh6 10. f5 Ng4 11. h3 Ne5 12. fxe6 Nxf3+ 13. Rxf3 fxe6 14. Qg3 Rf8 15. Bf4 e5 16. Bd2 Rxf3 17. Qxf3 Qf6 18. Qg3 Kd7 19. Rf1 Qe6 20. Qh4 h6 21. Nd5 g5 22. Qh5 Rf8 23. Rxf8 Bxf8 24. Qf3 Be7 25. c4 Bxd5 26. exd5 Qg6 27. g4 Bd8 28. Kf2 Qf6 29. Qxf6 Bxf6 30. Ke3 Ke7 31. Ke4 Kf7 32. b4 b6 33. bxc5 bxc5 34. Ba5 Kg6 35. Bc7 Be7 36. Ke3 Kf6 37. Kd2 Bf8 38. Bd8+ Be7 39. Ba5 Bf8 40. Ke3 Be7 41. Ke4 Kg6 42. Bc7 Kf6 43. a4 a6 44. Ba5 Kg6 45. Ke3 Kf6 1/2-1/2

[Event "Hessen-ch Seniors op 07th"]
[Site "Bad Sooden-Allendorf"]
[Date "2011.05.03"]
[Round "4"]
[White "Gebuhr, Guenter"]
[Black "Schlachetka, Werner"]
[Result "0-1"]
[WhiteElo "1725"]
[BlackElo "1901"]
[PlyCount "64"]
[EventDate "2011.04.30"]
[EventType "swiss"]
[EventRounds "9"]
[EventCountry "GER"]
[SourceTitle "EXT 2012"]
[Source "ChessBase"]
[SourceDate "2011.11.24"]
[SourceVersion "1"]
[SourceVersionDate "2011.11.24"]
[SourceQuality "1"]

1. e4 c5 2. Nf3 d6 3. d4 cxd4 4. Nxd4 Nf6 5. Nc3 a6 6. Bg5 e6 7. Qd2 Be7 8. 0-0-0 Nbd7 9. f4 Qc7 10. Be2 b5 11. Bf3 Bb7 12. Rhe1 Nb6 13. e5 dxe5 14. fxe5 Bxf3 15. gxf3 Nc4 16. Qg2 Nh5 17. Bxe7 Qxe7 18. f4 0-0 19. f5 Qb4 20. Nb3 Rac8 21. Rd4 Rfd8 22. a3 Qf8 23. Qg5 Rxd4 24. Nxd4 Qc5 25. Nb3 Qf2 26. Rd1 Qf4+ 27. Qxf4 Nxf4 28. Rd4 Ng2 29. Nc5 exf5 30. Nd5 Rxc5 31. Nf4 g5 32. Nxg2 Rxe5 0-1

[Event "Hessen-ch Seniors op 07th"]
[Site "Bad Sooden-Allendorf"]
[Date "2011.04.30"]
[Round "1"]
[White "Schlachetka, Werner"]
[Black "Bangert, Ruediger"]
[Result "1-0"]
[WhiteElo "1901"]
[BlackElo "1478"]
[PlyCount "87"]
[EventDate "2011.04.30"]
[EventType "swiss"]
[EventRounds "9"]
[EventCountry "GER"]
[SourceTitle "EXT 2012"]
[Source "ChessBase"]
[SourceDate "2011.11.24"]
[SourceVersion "1"]
[SourceVersionDate "2011.11.24"]
[SourceQuality "1"]

1. e4 d6 2. d4 Nf6 3. Nc3 b6 4. g3 Bb7 5. Bg2 c5 6. Nge2 a6 7. 0-0 Nc6 8. d5 Ne5 9. f4 Ned7 10. a4 g6 11. h3 Bg7 12. g4 e6 13. dxe6 fxe6 14. Qxd6 Nf8 15. Qxd8+ Rxd8 16. e5 Bxg2 17. exf6 Bxf6 18. Kxg2 Nd7 19. Ne4 Be7 20. Be3 0-0 21. N2g3 Nf6 22. Nxf6+ Bxf6 23. c3 Rd3 24. Kf3 Rfd8 25. Ke2 Bh4 26. Ne4 Be7 27. Rfd1 c4 28. Nf2 R3d5 29. Rxd5 exd5 30. Bxb6 Rb8 31. a5 Rb7 32. Rd1 Rd7 33. Ne4 h6 34. Nc5 Bxc5 35. Bxc5 Kf7 36. Re1 Rb7 37. Bb6 Rd7 38. Kf3 Rb7 39. Re5 Rd7 40. Ke3 Kf6 41. Kd4 g5 42. f5 h5 43. Rxd5 Re7 44. Bd8 1-0

[Event "Bad Bevensen Seniors op 12th"]
[Site "Bad Bevensen"]
[Date "2009.07.15"]
[Round "9"]
[White "Reimann, Guenther"]
[Black "Schlachetka, Werner"]
[Result "0-1"]
[WhiteElo "1838"]
[BlackElo "1936"]
[PlyCount "72"]
[EventDate "2009.07.07"]
[EventType "swiss"]
[EventRounds "9"]
[EventCountry "GER"]
[SourceTitle "EXT 2022"]
[Source "ChessBase"]
[SourceDate "2021.10.06"]
[SourceVersion "1"]
[SourceVersionDate "2021.10.06"]
[SourceQuality "1"]

1. c4 e5 2. d3 Nc6 3. Nf3 g6 4. g3 Bg7 5. Bg2 d6 6. Nbd2 Be6 7. Rb1 h6 8. b3 Qd7 9. Bb2 f5 10. Nh4 Qf7 11. e3 g5 12. Nhf3 Nge7 13. h4 g4 14. Nh2 0-0 15. f4 exf4 16. Bxg7 Qxg7 17. gxf4 Qf6 18. Nhf1 Qc3 19. d4 Nb4 20. d5 Bf7 21. a3 Nd3+ 22. Ke2 Ng6 23. Ne4 fxe4 24. Bxe4 Nc5 25. Bc2 Rae8 26. Kf2 h5 27. Qd2 Qxd2+ 28. Nxd2 Re7 29. b4 Nd7 30. Rbe1 Rfe8 31. Nb3 Nxf4 32. Nd4 Nh3+ 33. Rxh3 gxh3 34. Nf5 Ne5 35. Nxe7+ Rxe7 36. Rg1+ Ng4+ 0-1

[Event "Bad Bevensen Seniors op 12th"]
[Site "Bad Bevensen"]
[Date "2009.07.11"]
[Round "5"]
[White "Ahrens, Gerhard"]
[Black "Schlachetka, Werner"]
[Result "0-1"]
[WhiteElo "1762"]
[BlackElo "1936"]
[PlyCount "44"]
[EventDate "2009.07.07"]
[EventType "swiss"]
[EventRounds "9"]
[EventCountry "GER"]
[SourceTitle "EXT 2022"]
[Source "ChessBase"]
[SourceDate "2021.10.06"]
[SourceVersion "1"]
[SourceVersionDate "2021.10.06"]
[SourceQuality "1"]

1. e4 c5 2. Nf3 Nc6 3. d4 cxd4 4. Nxd4 Nf6 5. Nc3 e5 6. Nxc6 bxc6 7. a3 Be7 8. Be2 0-0 9. 0-0 d5 10. Bd3 Bg4 11. f3 Qb6+ 12. Kh1 Be6 13. Na4 Qc7 14. b4 a5 15. c3 Rfd8 16. Qc2 dxe4 17. Bxe4 Nxe4 18. fxe4 Bc4 19. Rf3 Qd6 20. Nb2 Qe6 21. Nxc4 Qxc4 22. bxa5 Qxe4 0-1

[Event "GER-ch Seniors-A 20th"]
[Site "Erfurt"]
[Date "2008.08.13"]
[Round "9"]
[White "Schlachetka, Werner"]
[Black "Kuehn, Peter1111"]
[Result "1/2-1/2"]
[WhiteElo "1997"]
[BlackElo "1913"]
[PlyCount "32"]
[EventDate "2008.08.05"]
[EventType "swiss"]
[EventRounds "9"]
[EventCountry "GER"]
[SourceTitle "CBM 126 Extra"]
[Source "ChessBase"]
[SourceDate "2008.11.05"]
[SourceVersion "1"]
[SourceVersionDate "2008.11.05"]
[SourceQuality "1"]

1. e4 c5 2. Nc3 Nc6 3. g3 g6 4. Bg2 Bg7 5. d3 d6 6. f4 e6 7. Nf3 Nge7 8. 0-0 0-0 9. Ne2 f5 10. c3 Rb8 11. Be3 b6 12. Qd2 Bb7 13. Rad1 Qc7 14. d4 Rbd8 15. Ng5 Bc8 16. Qc1 h6 1/2-1/2

[Event "GER-ch Teachers"]
[Site "Friedrichroda"]
[Date "2007.08.10"]
[Round "4.6"]
[White "Schlachetka, Werner"]
[Black "Fruestueck, Cord"]
[Result "1-0"]
[WhiteElo "2154"]
[BlackElo "2086"]
[PlyCount "73"]
[EventDate "2007.08.08"]
[EventType "swiss"]
[EventRounds "7"]
[EventCountry "GER"]
[SourceTitle "CBM 120 Extra"]
[Source "ChessBase"]
[SourceDate "2007.11.01"]
[SourceVersion "1"]
[SourceVersionDate "2007.11.01"]
[SourceQuality "1"]

1. e4 e6 2. d4 d5 3. e5 c5 4. Nf3 Nc6 5. Bd3 cxd4 6. 0-0 f6 7. Bb5 Bd7 8. Bxc6 bxc6 9. Qxd4 c5 10. Qg4 f5 11. Qg3 a5 12. Bg5 Ne7 13. Nc3 h6 14. Bd2 g5 15. Qh3 Ng6 16. Qh5 Kf7 17. h4 g4 18. Ne2 Kg7 19. Nh2 Be8 20. Nxg4 Nf4 21. Nxf4 Bxh5 22. Nxe6+ Kg6 23. Nxd8 Rxd8 24. Nf6 Bg7 25. Bxa5 Bxf6 26. exf6 Rb8 27. b3 Kxf6 28. Rfe1 Rhg8 29. Kf1 Rb7 30. Bd2 Rg4 31. g3 Rg6 32. Kg2 Kf7 33. Re5 Rd6 34. Rxf5+ Kg6 35. Re5 Rf7 36. Bf4 Bg4 37. Rae1 1-0

[Event "Oberliga Ost-B 0405"]
[Site "Germany"]
[Date "2004.11.14"]
[Round "3.4"]
[White "Schlachetka, Werner"]
[Black "Grossmann, Herbert"]
[Result "1/2-1/2"]
[WhiteElo "2154"]
[BlackElo "2209"]
[PlyCount "56"]
[EventDate "2004.10.10"]
[EventType "team-tourn"]
[EventRounds "11"]
[EventCountry "GER"]
[SourceTitle "EXT 2006"]
[Source "ChessBase"]
[SourceDate "2005.11.24"]
[SourceVersion "1"]
[SourceVersionDate "2005.11.24"]
[SourceQuality "1"]
[WhiteTeam "Jena Glas"]
[BlackTeam "Erfurt Medizin"]
[WhiteTeamCountry "GER"]
[BlackTeamCountry "GER"]

1. e4 d6 2. d4 Nf6 3. Nc3 g6 4. Be2 Bg7 5. g4 a6 6. a4 c5 7. d5 0-0 8. g5 Ne8 9. h4 e6 10. h5 Nc7 11. Qd3 exd5 12. hxg6 hxg6 13. Qg3 Nc6 14. Qh4 Re8 15. Bf4 d4 16. 0-0-0 Ne5 17. Nd5 Nxd5 18. exd5 Qa5 19. Bxe5 Rxe5 20. Bd3 Qxa4 21. Nf3 c4 22. Nxe5 Bxe5 23. Bxg6 fxg6 24. Qh7+ Kf8 25. Qh6+ Kf7 26. Qh7+ Kf8 27. Qh6+ Kf7 28. Qh7+ Kf8 1/2-1/2